4-Border Countries Quiz Stats

Quiz Updated Jul 14, 2016

Also try: 5-Border Countries
Challenge
Share
Tweet
Embed
Score 0/100 Timer 09:00
2 Plays Today
% Correct
France
97.8%
France
97.8%
Germany
96.1%
Germany
96.1%
Russia
96%
Russia
96%
Russia
96%
Portugal
94.5%
Niger
92.7%
Niger
92.7%
Turkey
91.6%
Turkey
91.6%
Turkey
91.6%
India
91%
South Africa
90.8%
South Africa
90.8%
South Africa
90.8%
Netherlands
90.3%
Poland
90%
Poland
90%
Slovakia
89.9%
Lithuania
89.8%
Greece
88.2%
China
88.2%
China
88.2%
China
88.2%
Estonia
88.1%
Afghanistan
87.7%
Afghanistan
87.7%
Afghanistan
87.6%
Libya
87.6%
Andorra
87.3%
Austria
87.1%
Austria
87.1%
% Correct
Latvia
86.5%
Sudan
86.4%
Namibia
86.3%
Namibia
86.3%
Italy
86.1%
Georgia
86.1%
Laos
85.5%
Luxembourg
85.2%
Albania
85.2%
Albania
85.2%
Mexico
84.8%
Iran
84.7%
Iran
84.7%
Iran
84.7%
Serbia
84.5%
Croatia
84.5%
Kosovo
84.2%
Botswana
83.5%
Botswana
83.5%
Macedonia
83.2%
Macedonia
83.2%
Macedonia
83.2%
Cambodia
82.9%
Tajikistan
82.8%
Honduras
82.3%
Israel
81.4%
Hungary
80.8%
Zimbabwe
80.8%
Angola
80.7%
Chad
80.2%
Armenia
80.2%
Belarus
80%
Belarus
80%
Dem. Rep. Congo
79.7%
% Correct
Dem. Rep. Congo
79.7%
Kazakhstan
79.5%
Kazakhstan
79.5%
Nigeria
79.3%
Montenegro
79.1%
Montenegro
79.1%
Uzbekistan
78.7%
Uzbekistan
78.7%
Uzbekistan
78.7%
El Salvador
78.5%
Belize
78.5%
Zambia
78.3%
Zambia
78.3%
Zambia
78.3%
Zambia
78.3%
Kyrgyzstan
78.1%
Azerbaijan
77.9%
Azerbaijan
77.9%
Morocco
77.2%
Myanmar
76.9%
Bulgaria
76.4%
Uganda
74.4%
Togo
72.2%
Benin
70.3%
Malaysia
69.4%
Cameroon
68.5%
Tanzania
67.8%
Mozambique
67.2%
Rep. Congo
66.9%
Burundi
63.1%
Burkina Faso
61.3%
Palestine
54.4%

You're not logged in!

Compare scores with friends on all Sporcle quizzes.
Sign Up with Email
OR
Log In

You Might Also Like...

Show Comments

Extras

Top Quizzes Today


Score Distribution

Your Account Isn't Verified!

In order to create a playlist on Sporcle, you need to verify the email address you used during registration. Go to your Sporcle Settings to finish the process.